000 00377 a2200169 4500
001 171210
020 _a85-16-05270-2
040 _cMagnum
100 _aAmabis, José Mariano
240 1 0 _aFundamentos da biologia moderna
_lpor
245 1 0 _aFundamentos da biologia moderna
300 _a839
362 0 _a2006
440 1 _aModerna
697 _aBIOLOGIA
942 _cBK
999 _c171210
_d171210